000 00943cam a2200253 a 4500
001 000017662
005 20200929165203.0
008 930922s1993 ck a b 000 p spa d
035 _a(DLC) 93209417
040 _aDO-SdBNP
_bspa
_cDLC
_dDLC
_dBNPHU
082 _aC861.4
_bR741H
100 1 _aHernández de Mendoza, Cecilia
_917345
245 1 3 _aEl poeta Jorge Rojas :
_bestudio y antología /
_cCecilia Hernández de Mendoza.
260 _aSantafé de Bogotá :
_bInstituto Caro y Cuervo,
_c1993.
300 _a239 p. :
_bil. ;
_c20 cm.
490 1 _a"La Granada entreabierta"
_v65
504 _aBibliografías: p. [89]-92.
600 1 0 _aROJAS, JORGE,
_d1911-1995
_xCRÍTICA E INTERPRETACIÓN
_938478
650 4 _aPoesía colombiana
_xHistoria y crítica
_920231
650 4 _aLteratura colombiana
_xHistoria y crítica
_938479
830 0 _a"La Granada entreabierta" ;
_v65.
_914721
910 _aCatalogación por copia / LC
049 _aBNGR
999 _c17187
_d17187